[Event "Open"]
[Site "Voronezh RUS"]
[Date "2005.06.20"]
[Round "8"]
[White "Kurenkov,N"]
[Black "Korochenskiy,A"]
[Result "1-0"]
[WhiteElo "2455"]
[BlackElo "2262"]

1.e4 e6 2.d4 d5 3.Nc3 Bb4 4.e5 Ne7 5.a3 Bxc3+ 6.bxc3 c5 7.h4 Qa5 8.Bd2 Qa4
9.h5 Nbc6 10.Nf3 Nf5 11.g4 Nfe7 12.h6 gxh6 13.Bxh6 Rg8 14.Be3 Qa5 15.Qd2 Rxg4
16.Ng5 cxd4 17.cxd4 Qxd2+ 18.Kxd2 Nxd4 19.Nxh7 Ng8 20.Bh3 Rh4 21.Ng5 Ke7
22.f4 Nc6 23.Bc5+ Ke8 24.Bxe6 Rxf4 25.Rh8 Ne7 26.Bxe7 Kxe7 27.Rxg8 fxe6 28.Rg7+ Kf8
29.Rc7 Rf5 30.Nh7+ Ke8 31.Rg1 Kd8 32.Rgg7 a5 33.Nf6 Rf2+ 34.Ke1 Rh2 35.Nh7 Rg2
36.Rxc8+ Rxc8 37.Rxg2  1-0

[Event "Torch Real Estate Cup"]
[Site "Xiapu CHN"]
[Date "2005.06.21"]
[Round "14"]
[White "Xu Tong"]
[Black "Zatonskih,A"]
[Result "1/2-1/2"]
[WhiteElo "2167"]
[BlackElo "2435"]

1.e4 e6 2.d4 d5 3.Nc3 Bb4 4.e5 b6 5.a3 Bf8 6.f4 Ne7 7.Be3 h5 8.Nf3 Nf5 9.Bf2 Ba6
10.Bxa6 Nxa6 11.Ne2 c6 12.c3 Qd7 13.Qd2 O-O-O 14.O-O-O Kb7 15.g3 c5 16.h3 Nb8
17.g4 hxg4 18.hxg4 Rxh1 19.Rxh1 Nh6 20.Rg1 Nc6 21.Qd1 Na5 22.Nd2 Rc8 23.Nb3 Nc4
24.Nd2 Na5 25.Nb3 Nc4 26.Nd2 cxd4 27.Bxd4 Nxd2 28.Qxd2 Ng8 29.Be3 Bc5 30.Rd1 Ne7
31.Kb1 Qa4 32.Bxc5 bxc5 33.Qc2 Qxc2+ 34.Kxc2 Rh8 35.Rg1 Rh2 36.Kd3 Kc7 37.Ke3 Nc6
38.Kd3 Na5 39.b4 Nc4 40.g5 Rh3+ 41.Rg3 Rxg3+ 42.Nxg3 Nxa3 43.Nh5 g6 44.Nf6 c4+
45.Kd2 Nb5 46.Ng4 Kd7 47.Nh6 Ke8 48.Ng4 Ke7 49.Nh6 d4 50.cxd4 Nxd4 51.Kc3 Ne2+
52.Kxc4 Nxf4 53.Kb5 Nd3 54.Ng4 Kd7 55.Kc4 Nf4 56.Nh6 Ke7 57.Kb5 Nd5 58.Kc5 a6
59.Kc4 Nf4 60.Ng8+ Kd7 61.Nf6+ Kc6 62.Ne4 Nd5 63.Nc5 Nc7 64.Ne4 Nd5 65.Nc5 a5
66.bxa5 Ne3+ 67.Kb4 Nc2+ 68.Kc4 Ne3+ 69.Kb4 Nd5+ 70.Kc4  1/2-1/2

[Event "Torch Real Estate Cup"]
[Site "Xiapu CHN"]
[Date "2005.06.22"]
[Round "15"]
[White "Qiu Tong"]
[Black "Qi Jingxuan"]
[Result "1/2-1/2"]
[WhiteElo "2263"]
[BlackElo "2434"]

1.e4 e6 2.d4 d5 3.Nc3 Bb4 4.e5 Qd7 5.Bd3 b6 6.Qe2 a5 7.a3 Bf8 8.f4 Ba6 9.Nf3 Bxd3
10.Qxd3 Nc6 11.O-O h5 12.f5 exf5 13.Bf4 Nge7  1/2-1/2

[Event "IV Summer"]
[Site "Alushta UKR"]
[Date "2005.06.23"]
[Round "7"]
[White "Kartsev,Se"]
[Black "Madan,A"]
[Result "1/2-1/2"]
[WhiteElo "1994"]
[BlackElo "2310"]

1.e4 e6 2.d4 d5 3.Nc3 Bb4 4.e5 Ne7 5.a3 Bxc3+ 6.bxc3 b6 7.Qg4 Ng6 8.Nf3 Ba6
9.Bd3 h5 10.Qh3 Bxd3 11.cxd3 c5 12.O-O Nc6 13.dxc5 bxc5 14.d4 Qc7 15.Be3 Nge7
16.Nd2 c4 17.Bg5 Nf5 18.g4 Nfe7 19.gxh5 Nf5 20.Rfb1 a6 21.Ra2 Kd7 22.Rab2 Rab8
23.Rxb8 Rxb8 24.Qf1 Na5 25.Qd1 Nc6 26.Qc2 Rb6 27.Rxb6 Qxb6 28.Kf1 Qb8 29.Qb1 Qa7
30.Qb2 Kc7 31.Nb1 Qa8 32.Ke1 Qh8 33.Qe2 Na5 34.h4 Nb3 35.Kd1 Qf8 36.Qg4 Kd7
37.Kc2 Qb8 38.Qd1 Qb5 39.Nd2 Nxd2 40.Kxd2 Qb2+ 41.Qc2 Qxa3 42.Qb1 Qb3 43.Qa1 Qb5
44.Qa3 Kc6 45.Qf8 Qb7 46.Qe8+ Kb6 47.Bd8+ Ka7 48.Ke2 a5 49.Bxa5  1/2-1/2

[Event "19th Open Pula"]
[Site "Pula CRO"]
[Date "2005.06.25"]
[Round "8"]
[White "Sedlak,N"]
[Black "Kekki,P"]
[Result "1-0"]
[WhiteElo "2514"]
[BlackElo "2355"]

1.e4 e6 2.d4 d5 3.Nc3 Bb4 4.e5 Ne7 5.a3 Bxc3+ 6.bxc3 c5 7.Nf3 Qc7 8.h4 b6
9.h5 h6 10.Bb5+ Bd7 11.Bd3 Ba4 12.O-O Nd7 13.Bf4 a6 14.Nh4 Bb5 15.Qg4 Bxd3
16.cxd3 Rg8 17.Be3 Qc6 18.dxc5 bxc5 19.d4 Qa4 20.f4 Qc2 21.dxc5 Qxc3 22.Bf2 Rc8
23.f5 Qc4 24.Qh3 Nxe5 25.fxe6 Rc6 26.exf7+ Nxf7 27.Rab1 Ng5 28.Qh2 Rf6 29.Rb7 Qg4
30.Qb8+ Kf7 31.Rxe7+ Kxe7 32.Re1+ Re6 33.Qxg8 Nh3+ 34.Kh2 Nxf2 35.Ng6+ Kf6
36.Qd8+ Kf5 37.Qxd5+ Kf6 38.Rxe6+  1-0

[Event "33rd World Open"]
[Site "Philadelphia USA"]
[Date "2005.06.28"]
[Round "1"]
[White "Prilleltensk,M"]
[Black "Formanek,E"]
[Result "0-1"]
[WhiteElo "2103"]
[BlackElo "2304"]

1.e4 e6 2.d4 d5 3.Nc3 Bb4 4.e5 Ne7 5.a3 Bxc3+ 6.bxc3 b6 7.h4 Ba6 8.Bxa6 Nxa6
9.Qg4 Nf5 10.h5 Qd7 11.h6 gxh6 12.Qe2 Qc6 13.Bd2 Qc4 14.g4 Ne7 15.Qxc4 dxc4
16.Ne2 Ng8 17.Bxh6 Nxh6 18.Rxh6 Ke7 19.Nf4 Rag8 20.f3 c6 21.Ke2 Nc7 22.Rah1 Nb5
23.Kd2 Nxa3 24.Rxh7 Rxh7 25.Rxh7 Nb1+ 26.Kc1 Nxc3 27.Kd2 Nd5 28.Nxd5+ cxd5
29.c3 a5 30.Rh1 Rb8 31.Rb1  0-1

[Event "ch-BEL"]
[Site "Aalst BEL"]
[Date "2005.07.04"]
[Round "3"]
[White "Henris,L"]
[Black "Saiboulatov,D"]
[Result "1/2-1/2"]
[WhiteElo "2283"]
[BlackElo "2401"]

1.e4 e6 2.d4 d5 3.Nc3 Bb4 4.e5 Ne7 5.Nf3 c5 6.dxc5 Nbc6 7.Bd3 d4 8.a3 Ba5
9.b4 Nxb4 10.axb4 Bxb4 11.O-O Bxc3 12.Rb1 Qd5 13.Ng5 h6 14.Ne4 Qxe5 15.f4 Qc7
16.Nd6+ Kf8 17.Ba3 Nc6 18.f5 e5 19.f6 g6 20.Bc4 Rb8 21.Bxf7 Qxf7 22.Nxf7 Kxf7
23.Qd3 Be6 24.Bb2 Bb4 25.Rf3 Bxc5 26.Rg3 Rhg8 27.Ba3 Bb6 28.Be7 Rbc8 29.Qe4 Bf5
30.Qd5+ Be6 31.Qd6 d3+ 32.Rxb6 dxc2 33.Rc3 axb6 34.Rxc2 b5 35.Rc5 b4 36.Rb5 Rb8
37.Qd2 Nxe7 38.fxe7 Kxe7 39.Qxb4+ Kf7 40.Qh4 Kg7 41.Qe7+ Bf7 42.Qxe5+ Kh7
43.Qc7 Rgf8 44.g4 b6 45.h4 Rbc8 46.Qe7 Rc1+ 47.Kh2 Rc2+  1/2-1/2

[Event "LXVIII ch-CRC"]
[Site "San Jose Julio CRC"]
[Date "2005.07.05"]
[Round "3"]
[White "Arias Santana,M"]
[Black "Murillo,Alex"]
[Result "0-1"]
[WhiteElo "2238"]
[BlackElo "2362"]

1.e4 e6 2.d4 d5 3.Nc3 Bb4 4.e5 Ne7 5.Bd2 b6 6.Nce2 Bxd2+ 7.Qxd2 h5 8.h4 Ba6
9.Ng3 Bxf1 10.Kxf1 Ng6 11.Nf3 c5 12.c3 Nc6 13.b4 Rc8 14.a3 Rc7 15.Ne2 cxd4
16.cxd4 Nce7 17.g3 Nf5 18.Kg2 f6 19.Nf4 Nxf4+ 20.Qxf4 O-O 21.Rac1 Rc4 22.Rhd1 b5
23.Rxc4 bxc4 24.Qd2 Qd7 25.Re1 Rb8 26.Qd1 a5 27.Nd2 axb4 28.axb4 fxe5 29.Rxe5 Rxb4
30.Nf3 c3 31.Ng5 Nxd4 32.Qxh5 c2 33.Qh7+ Kf8 34.Re1 Ke7 35.Nxe6 Qxe6 36.Qxg7+ Kd6
37.Qf8+ Kc6 38.Qxb4 Qg4 39.Qc3+ Kb5 40.Qe3 Kc4 41.f3 Qxf3+ 42.Qxf3 Nxf3 43.Kxf3 d4
44.Re8 d3 45.Rc8+ Kd4 46.Rd8+ Kc3 47.Rc8+ Kd4 48.Rd8+ Ke5 49.Rxd3 c1=Q 50.Re3+ Kd4
51.Re4+ Kd3 52.Rf4 Qh1+ 53.Kg4 Ke3 54.h5 Qd1+ 55.Kh4 Qd8+ 56.Kg4 Qd7+ 57.Kh4 Qg7
58.Kh3 Qg5 59.Kh2 Qxh5+ 60.Kg2 Qe2+ 61.Kg1 Qa2 62.Kh1 Qa1+ 63.Kg2 Qb2+ 64.Kg1 Qb1+
65.Kg2 Qc2+ 66.Kg1 Qd1+ 67.Kh2 Qe2+ 68.Kg1 Kd3 69.Kh1 Qe3 70.Kg2 Ke2 71.Kh2 Qa7
72.Kh3 Qh7+ 73.Kg2 Qb7+ 74.Kg1 Ke3 75.Kh2 Qc6 76.Kg1 Qh6 77.Kg2 Qh5 78.Rf8 Qd5+
79.Kg1 Qd1+ 80.Kg2 Qc2+ 81.Kh3 Qh7+ 82.Kg2 Qb7+ 83.Kh2 Qb2+ 84.Kh3 Ke2 85.Rf4 Ke1
86.Rf8 Qa2 87.Rf4 Qd2 88.Kh4 Qg2 89.Kg4 Ke2 90.Kh4 Ke3 91.Kg4 Qh1 92.Rf8 Ke4
93.Rf4+ Ke5 94.Rf5+ Ke6 95.Rf4 Ke7 96.Rf5 Qd1+ 97.Kh4 Qd7 98.Rf4 Qe6 99.Ra4 Kf6
100.Rf4+ Kg6 101.Rg4+ Kh6 102.Rf4 Qe1 103.Kh3 Qh1+  0-1

[Event "LXVIII ch-CRC"]
[Site "San Jose Julio CRC"]
[Date "2005.07.05"]
[Round "3"]
[White "Arias Santana,M"]
[Black "Murillo,Alex"]
[Result "0-1"]
[WhiteElo "2238"]
[BlackElo "2362"]

1.e4 e6 2.d4 d5 3.Nc3 Bb4 4.e5 Ne7 5.Bd2 b6 6.Nce2 Bxd2+ 7.Qxd2 h5 8.h4 Ba6
9.Ng3 Bxf1 10.Kxf1 Ng6 11.Nf3 c5 12.c3 Nc6 13.b4 Rc8 14.a3 Rc7 15.Ne2 cxd4
16.cxd4 Nce7 17.g3 Nf5 18.Kg2 f6 19.Nf4 Nxf4+ 20.Qxf4 O-O 21.Rac1 Rc4 22.Rhd1 b5
23.Rxc4 bxc4 24.Qd2 Qd7 25.Re1 Rb8 26.Qd1 a5 27.Nh2  0-1

[Event "ch-BEL"]
[Site "Aalst BEL"]
[Date "2005.07.06"]
[Round "5"]
[White "Dutreeuw,M"]
[Black "Hovhanisian,M"]
[Result "1-0"]
[WhiteElo "2361"]
[BlackElo "2354"]

1.e4 e6 2.d4 d5 3.Nc3 Bb4 4.e5 b6 5.Qg4 Bf8 6.Bg5 Qd7 7.f4 h6 8.Bh4 Ne7 9.Bf2 Ba6
10.Bxa6 Nxa6 11.Qe2 Nb4 12.Nf3 h5 13.g3 Nf5 14.h3 c5 15.O-O-O cxd4 16.Nxd4 Nxd4
17.Bxd4 Rc8 18.Kb1 g6 19.Rd2 Nc6 20.Nb5 Nxd4 21.Nxd4 Rc4 22.Rhd1 b5 23.Rd3 Bc5
24.Nf3 Qc6 25.Nd2 Ra4 26.Nb3 Bb6 27.Rc3 Rc4 28.Rxc4 Qxc4 29.Qf3 Ke7 30.c3 a5
31.Nd2 Qc5 32.Qd3 Rc8 33.Nb3 Qc4 34.Nd4 b4 35.Ne2 bxc3 36.Nxc3 Qxd3+ 37.Rxd3 h4
38.gxh4 Rc4 39.Rf3 d4 40.Ne2 Rc8 41.Rb3 Rc6 42.Rd3 f6 43.Ng1 fxe5 44.fxe5 Rc4
45.b3 Rc3 46.Rxc3 dxc3 47.Nf3 Kd7 48.Kc2 Kc6 49.Kxc3 Kd5 50.Kd3 Bf2 51.Nd2 Bxh4
52.Nc4 Bd8 53.Nd6 Bh4 54.Nc4 Bd8 55.Nd6 Bh4 56.Nf7 Bg3 57.a3 Bf4 58.Nh8 g5
59.Nf7 Bc1 60.a4 Bf4 61.Kc2 Be3 62.Kc3 Bc5 63.Nxg5 Kxe5 64.Kd3 Kf5 65.Ne4 Bb6
66.Nd2 Kf4 67.h4 Bd8 68.h5 Kg5 69.Ke4 Kxh5 70.Ke5 Kg4 71.Kxe6 Kf4 72.Kd5 Ke3
73.Nc4+ Kd3 74.Kc5 Kc3 75.Kb5 Kxb3 76.Nxa5+ Kc3 77.Nb7 Bc7 78.Nc5 Bb8 79.a5 Ba7
80.a6 Kd4 81.Nd7 Kd5 82.Nb6+ Kd6 83.Nc8+  1-0

[Event "DMP 1st League"]
[Site "Koszalin POL"]
[Date "2005.07.06"]
[Round "2"]
[White "Zapolski,K"]
[Black "Bronowicki,M"]
[Result "0-1"]
[WhiteElo "2180"]
[BlackElo "2239"]

1.e4 e6 2.d4 d5 3.Nc3 Bb4 4.e5 Qd7 5.a3 Bxc3+ 6.bxc3 b6 7.Qg4 f5 8.Qg3 Ba6
9.Bxa6 Nxa6 10.h4 O-O-O 11.Ne2 Nb8 12.h5 Nh6 13.Bg5 Rdg8 14.Qe3 Nf7 15.h6 Nxg5
16.Qxg5 g6 17.Nf4 Nc6 18.a4 Na5 19.Rh3 Nc4 20.Ra2 a5 21.Rg3 Kb7 22.Nd3 Rf8
23.Rf3 Rf7 24.Nf4 c6 25.Rh3 Kc7 26.Rg3 Rc8 27.Rh3 Kb7 28.Ke2 Ka7 29.Rg3 Rc7
30.Kd1 Qc8 31.Rh3 Ka6 32.Rg3 Ka7 33.Rh3 Rb7 34.Nd3 Qd7 35.Rf3 Rb8 36.Qc1 Qe7
37.Rh3 g5 38.Rh5 Rg8 39.Nb2 Nxb2+ 40.Rxb2 f4 41.Rb3 Qe8 42.Kd2 g4 43.Qh1 Rc7
44.Qh4 Qg6 45.Rb1 Ka6 46.Qh1 f3 47.g3 c5 48.Qf1+ Ka7 49.Rxb6 Kxb6 50.Qb5+ Ka7
51.Qxa5+ Kb7 52.Qb5+ Kc8 53.Qa6+ Kd8 54.Qd6+ Rd7 55.Qc6 Qxh5 56.Qa8+ Ke7
57.Qxg8 Qxh6+ 58.Kd1 Rb7  0-1

[Event "DMP 1st League"]
[Site "Koszalin POL"]
[Date "2005.07.07"]
[Round "4"]
[White "Dubinski,M"]
[Black "Bronowicki,M"]
[Result "1-0"]
[WhiteElo "2067"]
[BlackElo "2239"]

1.e4 e6 2.d4 d5 3.Nc3 Bb4 4.e5 Qd7 5.Nf3 b6 6.Bd2 Bb7 7.Bd3 Nc6 8.O-O O-O-O
9.a3 Bf8 10.b4 f6 11.Ne2 Nge7 12.b5 Nb8 13.a4 c5 14.bxc6 Nexc6 15.a5 Nxa5
16.Bxa5 bxa5 17.Rxa5 Nc6 18.Ra2 Kb8 19.Qa1 fxe5 20.dxe5 Bc5 21.Ned4 Nb4 22.Rb2 Nxd3
23.cxd3 Rc8 24.Rfb1 Bb6 25.Nb5 d4 26.Nxa7 Bxa7 27.Qa6 Rc7 28.Ra1 Qc6 29.Qxa7+ Kc8
30.h3 Rf8 31.Qxd4 Rxf3 32.gxf3 Qxf3 33.Rxb7 Kxb7 34.Qd6 Kb8 35.Ra6  1-0

[Event "57th ch-Montenegro"]
[Site "Cetinje SCG"]
[Date "2005.07.08"]
[Round "1"]
[White "Ivanovic,B"]
[Black "Abramovic,D"]
[Result "1-0"]
[WhiteElo "2438"]
[BlackElo "2136"]

1.e4 e6 2.d4 d5 3.Nc3 Bb4 4.e5 Qd7 5.Ne2 b6 6.a3 Bxc3+ 7.Nxc3 Ba6 8.Bxa6 Nxa6
9.Qg4 f5 10.exf6 Nxf6 11.Qe2 Nb8 12.Bg5 Nc6 13.O-O-O O-O 14.Rhe1 Rae8 15.f4 Na5
16.Bxf6 Rxf6 17.g3 Nc4 18.Ne4 Rh6 19.Nd2 Nxd2 20.Qxd2 Rf6 21.Re5 Rf5 22.Re3 Qd6
23.Rde1 Rf6 24.Re5 g6 25.Qd3 c5 26.dxc5 Qxc5 27.Rxd5 Qc8 28.Rd6 Qc5 29.Kb1 b5
30.Qd2 Kf8 31.Re5 Qc4 32.b3 Qf1+ 33.Kb2 Re7 34.Qb4 Kf7 35.Rxb5 Qg2 36.Rd8 Qc6
37.Rbb8 Qc7 38.Rh8 Kg7 39.Rbg8+ Kh6 40.Rc8 Qb7 41.Qd4 Rf5 42.g4 e5 43.Qf2  1-0

[Event "FSGM July"]
[Site "Budapest HUN"]
[Date "2005.07.10"]
[Round "9"]
[White "Manca,F"]
[Black "Kristjansson,St"]
[Result "1/2-1/2"]
[WhiteElo "2390"]
[BlackElo "2459"]

1.e4 e6 2.d4 d5 3.Nc3 Bb4 4.e5 Ne7 5.a3 Bxc3+ 6.bxc3 c5 7.Qg4 Kf8 8.Bd2 b6
9.h4 Qd7 10.h5 h6 11.a4 Ba6 12.Bxa6 Nxa6 13.Qe2 Nb8 14.Nf3 Qc8 15.O-O cxd4
16.Nxd4 Nbc6 17.Nb5 Na5 18.Nd6 Qd7 19.c4 Nxc4 20.Nxc4 dxc4 21.Bb4 Kg8 22.Bxe7 Qxe7
23.Rfd1 Qg5 24.Rd7 Kh7 25.Qe4+ Qf5 26.Qxf5+ exf5 27.Rxf7 Rhd8 28.Rxf5 Rd2
29.c3 Re8 30.Re1 Rd5 31.Re4 a6 32.g4 Re6 33.Rxc4 Rdxe5 34.Rxe5 Rxe5 35.Kg2 b5
36.axb5 axb5 37.Rc8 b4 38.cxb4 Re4 39.f3 Rxb4 40.Rf8 Ra4 41.Kg3 Rc4 42.f4 Rc3+
43.Kh4 Rc4  1/2-1/2

[Event "2nd S Wales Int"]
[Site "Caerleon WLS"]
[Date "2005.07.10"]
[Round "3"]
[White "Marusenko,P"]
[Black "Collier,D"]
[Result "1-0"]
[WhiteElo "2344"]
[BlackElo "2122"]

1.e4 e6 2.d4 d5 3.Nc3 Bb4 4.e5 Ne7 5.a3 Bxc3+ 6.bxc3 b6 7.Qg4 Nf5 8.Bd3 h5
9.Qe2 c5 10.Nh3 Nc6 11.Bg5 Qd7 12.Nf4 cxd4 13.Bxf5 exf5 14.Rd1 Kf8 15.cxd4 Nd8
16.Bxd8 Qxd8 17.O-O Bb7 18.Rfe1 Qg5 19.Qf3 Qg4 20.Qe3 g5 21.Nd3 f4 22.Qf3 Qxf3
23.gxf3 h4 24.a4 Rc8 25.a5 Rh6 26.axb6 axb6 27.Ra1 Rhc6 28.Reb1 R8c7 29.Rb5 Rxc2
30.Rxb6 R2c3 31.Nc5 Bc6 32.e6 Rc4 33.Re1 Rxd4 34.Rb8+ Kg7 35.exf7 Kxf7 36.Ne6 Re7
37.Nxg5+ Kf6 38.Rf8+ Kxg5 39.Rxe7 Rd1+ 40.Kg2 Bb5 41.h3  1-0

[Event "inAUTOmarket Open"]
[Site "Minsk BLR"]
[Date "2005.07.10"]
[Round "1"]
[White "Tarlev,K"]
[Black "Zakharova,Al"]
[Result "1-0"]
[WhiteElo "2409"]
[BlackElo "2139"]

1.e4 e6 2.d4 d5 3.Nc3 Bb4 4.e5 b6 5.Qg4 Bf8 6.Bg5 Qd7 7.f4 Ba6 8.Bxa6 Nxa6
9.Nge2 h5 10.Qh3 Be7 11.O-O-O O-O-O 12.Rhf1 Kb7 13.Qf3 c6 14.h3 Nc7 15.Rh1 h4
16.Bxe7 Nxe7 17.Rd2 Nf5 18.Nd1 Kb8 19.Ne3 Nxe3 20.Qxe3 g6 21.b3 b5 22.Kb2 Ka8
23.Nc1 Na6 24.Nd3 Qe7 25.c3 Rc8 26.a4 bxa4 27.Ra1 c5 28.Rxa4 cxd4 29.Qxd4 Nc5
30.Nxc5 Qxc5 31.Rd1 Qxd4 32.Raxd4 Rc7 33.c4 dxc4 34.Rxc4 Kb7 35.Kc3 Rhc8
36.Kb4 Re7 37.Ka5 Rxc4 38.bxc4 Kc6 39.Kb4 Rb7+ 40.Kc3 Kc7 41.Ra1 Kc6 42.Ra6+ Kc5
43.Ra5+ Kc6 44.c5 Kd5 45.Kd3 Rb3+ 46.Ke2 g5 47.fxg5 Kxe5 48.Rxa7 Rg3 49.Kf2 Rc3
50.Rxf7 Rxc5 51.Kf3 Rc4 52.g6 Rc3+ 53.Kg4 Rg3+ 54.Kh5 Ke4 55.g7 e5 56.Kh6 Rxg2
57.Rf8 Kd3 58.g8=Q Rxg8 59.Rxg8 e4 60.Kg5  1-0

[Event "inAUTOmarket Open"]
[Site "Minsk BLR"]
[Date "2005.07.12"]
[Round "3"]
[White "Ginzburg,Mi"]
[Black "Kosyrev,V"]
[Result "1/2-1/2"]
[WhiteElo "2344"]
[BlackElo "2540"]

1.e4 e6 2.d4 d5 3.Nc3 Bb4 4.e5 b6 5.Qg4 Bf8 6.Bg5 Qd7 7.O-O-O Ne7 8.Nge2 Ba6
9.Ng3 Bxf1 10.Rhxf1 Nbc6 11.Nh5  1/2-1/2

[Event "ch-Paris Open"]
[Site "Paris FRA"]
[Date "2005.07.12"]
[Round "4"]
[White "Philippe,C"]
[Black "Apicella,M"]
[Result "1/2-1/2"]
[WhiteElo "2411"]
[BlackElo "2553"]

1.e4 e6 2.d4 d5 3.Nc3 Bb4 4.e5 Ne7 5.a3 Bxc3+ 6.bxc3 c5 7.Qg4 O-O 8.Bd3 Nbc6
9.Qh5 Ng6 10.Nf3 Qc7 11.Be3 c4 12.Bxg6 fxg6 13.Qg4 Qf7 14.Ng5 Qe8 15.h4 h6
16.Nh3 Bd7 17.Qe2 b5 18.g4 a5 19.h5 gxh5 20.g5 hxg5 21.Nxg5 g6 22.O-O-O Qe7
23.Rdg1 Rf5 24.Nf3 Be8 25.Nh4 Qxa3+ 26.Kd2 b4 27.Nxf5 Qxc3+ 28.Kd1 Qa1+ 29.Bc1 exf5
30.Qxh5 Qxd4+ 31.Bd2 Qa1+ 32.Bc1 Qd4+ 33.Bd2 Qa1+  1/2-1/2

[Event "inAUTOmarket Open"]
[Site "Minsk BLR"]
[Date "2005.07.16"]
[Round "7"]
[White "Kravtsiv,M"]
[Black "Mihajlovskij,S"]
[Result "1-0"]
[WhiteElo "2317"]
[BlackElo "2384"]

1.e4 e6 2.d4 d5 3.Nc3 Bb4 4.e5 Qd7 5.Nf3 b6 6.Be2 Ba6 7.Bxa6 Nxa6 8.Qe2 Nb8
9.O-O Bxc3 10.bxc3 Qa4 11.Qd3 Nc6 12.Nd2 Nge7 13.Rb1 a6 14.Nb3 h6 15.Kh1 Na7
16.Nd2 Nac6 17.Nb3 O-O 18.f4 f5 19.Bd2 Na7 20.Nc1 Qc6 21.Qxa6 Qc4 22.Qxc4 dxc4
23.Rb4 b5 24.Rb1 Rfb8 25.Ne2 Nd5 26.a3 Nc8 27.Bc1 c6 28.Rf3 Ncb6 29.Bb2 Na4
30.Ba1 Kf7 31.Rg3 Rg8 32.h4 g5 33.hxg5 hxg5 34.fxg5 Rh8+ 35.Kg1 Kg6 36.Kf2 Rh5
37.Rf3 Rah8 38.Ng3 Rxg5 39.Bb2 Rg4 40.Ba1 Rgh4 41.Bb2 Rh2 42.Ba1 R8h4 43.Ne2 Rh1
44.Rg1 Rxg1 45.Kxg1 f4 46.g3 Rg4 47.Kf2 Kf5 48.gxf4 Nxf4 49.Ke3 Kg5 50.Nxf4 Rh4
51.Nxe6+ Kh6 52.Nf4  1-0

[Event "Politiken Cup"]
[Site "Copenhagen DEN"]
[Date "2005.07.17"]
[Round "3"]
[White "Kurnosov,I"]
[Black "Nilsson,Anders1"]
[Result "1-0"]
[WhiteElo "2549"]
[BlackElo "2181"]

1.e4 e6 2.d4 d5 3.Nc3 Bb4 4.e5 Ne7 5.a3 Bxc3+ 6.bxc3 c5 7.Qg4 O-O 8.Bd3 Nbc6
9.Qh5 Ng6 10.Nf3 Qc7 11.Be3 c4 12.Bxg6 fxg6 13.Qg4 Qf7 14.Ng5 Qe8 15.h4 h6
16.Nh3 Bd7 17.Qe2 b5 18.h5 gxh5 19.Nf4 Rxf4 20.Bxf4 Qf7 21.Be3 Be8 22.f3 Qc7
23.g4 Ne7 24.Kd2 Qa5 25.Qg2 Kf8 26.Rag1 Bf7 27.Bf2 Qa4 28.gxh5 Nf5 29.Rh4 Ke7
30.Rf4 Rg8 31.Rxf5 exf5 32.e6 Bxe6 33.Re1 Qa6 34.Qg6 Kd7 35.Bg3 Qc6 36.Re5 Qb6
37.Rxf5 Bxf5 38.Qf7+ Kc6 39.Qxg8 Qb7 40.Be5 Qe7 41.Qa8+ Qb7 42.Qf8 Qd7 43.Bxg7 Kb6
44.Bxh6 Qh7 45.Qc5+ Ka6 46.Qd6+ Ka5 47.Bg5 Bxc2 48.Bd8+ Ka4 49.Qb4+  1-0

[Event "Open A"]
[Site "Chojnice POL"]
[Date "2005.07.19"]
[Round "6"]
[White "Wierzbicki,S"]
[Black "Bugajski,R"]
[Result "0-1"]
[WhiteElo "2002"]
[BlackElo "2218"]

1.e4 e6 2.d4 d5 3.Nc3 Bb4 4.e5 Ne7 5.a3 Bxc3+ 6.bxc3 c5 7.Nf3 Bd7 8.Bd3 Qa5
9.Bd2 c4 10.Be2 Ba4 11.O-O Nbc6 12.Nh4 O-O-O 13.f4 f6 14.Bg4 f5 15.Bf3 h6
16.Kf2 g5 17.fxg5 hxg5 18.Bxg5 Qxc3 19.g3 Rdg8 20.Be3  0-1

[Event "WYb18"]
[Site "Belfort FRA"]
[Date "2005.07.21"]
[Round "3"]
[White "Brkic,A"]
[Black "Sengupta,D"]
[Result "1-0"]
[WhiteElo "2477"]
[BlackElo "2414"]

1.e4 e6 2.d4 d5 3.Nc3 Bb4 4.e5 Ne7 5.a3 Bxc3+ 6.bxc3 c5 7.Qg4 Qc7 8.Qxg7 Rg8
9.Qxh7 cxd4 10.Ne2 Nbc6 11.f4 Bd7 12.Qd3 dxc3 13.Qxc3 Nf5 14.Rb1 d4 15.Qc5 b6
16.Qc4 Qb7 17.Rg1 Rd8 18.Qd3 Nce7 19.g4 Nh4 20.Nxd4 Bc6 21.Rg3 Rxg4 22.Rxg4 Rxd4
23.Qh3 Nhf5 24.Bd3 Be4 25.Rb3 Bxd3 26.Rxd3 Qh1+ 27.Qf1 Qe4+ 28.Qe2 Qc6 29.Qg2 Nd5
30.Rg8+ Kd7 31.Qe2 Nc3 32.Rxd4+ Nxd4 33.Qd3 Nb5 34.Be3 Qxc2 35.Qxc2 Nxc2+
36.Kd2 Ncxa3 37.h4 Nc4+ 38.Kd3 Nb2+ 39.Ke2 a5 40.Bxb6 a4 41.Bc5 Nc3+ 42.Kf3 Nd3
43.Bf8 Nd5 44.h5  1-0

[Event "MTO Open"]
[Site "Biel SUI"]
[Date "2005.07.22"]
[Round "5"]
[White "Gaehler,M"]
[Black "Huss,A"]
[Result "0-1"]
[WhiteElo "2136"]
[BlackElo "2329"]

1.e4 e6 2.d4 d5 3.Nc3 Bb4 4.e5 Qd7 5.Qg4 f5 6.Qh5+ Qf7 7.Qf3 Nc6 8.Bb5 Bd7
9.Bxc6 Bxc6 10.a3 Be7 11.h4 g6 12.Bg5 h6 13.Bxe7 Nxe7 14.Nge2 O-O-O 15.O-O-O g5
16.g3 Qg7 17.hxg5 hxg5 18.Kb1 Rdf8 19.Qg2 Ng6 20.Rxh8 Rxh8 21.Rh1 Nxe5 22.f4 Nf7
23.Rh2 gxf4 24.gxf4 Qxg2 25.Rxg2 Kd7 26.Nc1 Rh1 27.b4 Ke7 28.Kb2 Nd6 29.Nd3 Nc4+
30.Ka2 Kf7 31.Re2 Rh3 32.Kb3 b6 33.Rg2 Be8 34.Ne2 a5 35.Ng1 a4+ 36.Ka2 Re3
37.Rf2 Kf6 38.Rh2 Rg3 39.Nh3 Bg6 40.Ng5 Re3 41.Rh6 Re2 42.Ne5 Nxe5 43.dxe5+ Rxe5  0-1

[Event "4th Open"]
[Site "Davos SUI"]
[Date "2005.07.30"]
[Round "1"]
[White "Reust,E"]
[Black "Bigg,A"]
[Result "0-1"]
[WhiteElo "1867"]
[BlackElo "2277"]

1.e4 e6 2.d4 d5 3.Nc3 Bb4 4.e5 Ne7 5.Bd3 c5 6.a3 Bxc3+ 7.bxc3 Qa5 8.Bd2 c4
9.Be2 Bd7 10.f4 Nbc6 11.Nf3 f6 12.Nh4 O-O-O 13.O-O Ng6 14.Nf3 Rdf8 15.Qc1 h6
16.g3 h5 17.h4 Nge7 18.Kh2 Be8 19.Qb2 Bg6 20.a4 Be4 21.Be3 Nf5 22.Bg1 Nh6
23.Nd2 Ng4+ 24.Bxg4 hxg4 25.Nxe4 dxe4 26.Rfb1 Qc7 27.Kg2 g5 28.hxg5 fxg5
29.Be3 gxf4 30.Bxf4 Ne7 31.Rh1 e3 32.Qb5 b6 33.Rxh8 Rxh8 34.Rg1 Qb7+ 35.d5 Nxd5
36.Kf1 Nc7 37.Qxc4 Qf3+ 38.Ke1 Qf2+  0-1

[Event "Open Dutch Championship"]
[Site "Dieren NED"]
[Date "2005.08.02"]
[Round "7"]
[White "Sprangers,R"]
[Black "Etmans,M"]
[Result "1/2-1/2"]
[WhiteElo "2130"]
[BlackElo "2171"]

1.e4 e6 2.d4 d5 3.Nc3 Bb4 4.e5 b6 5.Qg4 Bf8 6.Bg5 Qd7 7.Nh3 Ba6 8.Bxa6 Nxa6
9.O-O c5 10.dxc5 bxc5 11.Rad1 Nc7 12.Ne4 h5 13.Qh4 Qc6 14.Ng3 Ne7 15.Nxh5 Ng6
16.Qg4 Nxe5 17.Qe2 Nd7 18.Bf4 g6 19.Bxc7 Rxh5 20.Bg3 Bd6 21.c4 Kf8 22.cxd5 exd5
23.Nf4 Re8 24.Qf3 Bxf4 25.Bxf4 Ne5 26.Qa3 Kg8 27.Rfe1 Rf5 28.Bg3 c4 29.Qxa7 Nd3
30.Re3 Rxe3 31.Qxe3 Nxb2 32.Rc1 Qe6 33.Qc3 Nd3 34.Rb1 Kh7 35.h3 Qf6 36.Qc2 Qd4
37.Rb8 Rf6 38.Rb7 Kg7 39.Qe2 Nf4 40.Qe8 Qe4 41.Qxe4 dxe4 42.Bxf4 Rxf4 43.Rc7 Rf6
44.Rxc4 Ra6 45.a4 f5 46.Kf1 Kf6 47.Ke2 Ke5 48.Kd2 Kd5 49.Kc3 f4 50.Rd4+ Ke5
51.Rb4 Rc6+ 52.Rc4 Rd6 53.f3 e3 54.a5 Kf5 55.Ra4 Re6 56.Ra1 Ra6 57.Kd3 g5
58.Ke2 Kg6 59.Ra4 Kh5 60.g3 fxg3 61.Kxe3 Re6+ 62.Kd2  1/2-1/2

[Event "Open Dutch Championship"]
[Site "Dieren NED"]
[Date "2005.08.04"]
[Round "9"]
[White "Neuer,T"]
[Black "Vogel,Ja"]
[Result "1/2-1/2"]
[WhiteElo "2089"]
[BlackElo "2291"]

1.e4 e6 2.d4 d5 3.Nc3 Bb4 4.e5 b6 5.Qg4 Bf8 6.Nf3 Qd7 7.Bb5 c6 8.Be2 Ba6
9.O-O Ne7 10.Bg5 Nf5 11.Bxa6 Nxa6 12.Nd1 h6 13.Bd2 c5 14.Bc3 h5 15.Qf4 g6
16.Qd2 Nb8 17.Ne3 Nc6 18.Nxf5 gxf5 19.Qe2 Be7 20.Rfd1 Rg8 21.a4 Rg4 22.h3 Re4
23.Qb5 cxd4 24.Bxd4 Nxd4 25.Rxd4 Bc5 26.Qxd7+ Kxd7 27.Rd2 Rg8 28.Kf1 Kc7
29.b3 Kb7 30.Rad1 Bb4 31.Rd3 Rc8 32.Ng5 Rxc2 33.Nxe4 fxe4 34.Rg3 Bc5 35.b4 Bxf2
36.Rg7 e3 37.Rxf7+ Kc8 38.Rd3 Rc1+ 39.Ke2 Rc2+ 40.Kf1 Rc1+ 41.Ke2 Rc2+ 42.Kf1  1/2-1/2

[Event "TCh-ESP Premier North"]
[Site "Barcelona ESP"]
[Date "2005.08.11"]
[Round "1"]
[White "De la Riva Aguado,O"]
[Black "Espineira Gonzalez,D"]
[Result "1-0"]
[WhiteElo "2548"]
[BlackElo "2310"]

1.e4 e6 2.d4 d5 3.Nc3 Bb4 4.e5 Ne7 5.a3 Bxc3+ 6.bxc3 c5 7.h4 Nbc6 8.h5 Bd7
9.h6 gxh6 10.Nf3 Qa5 11.Bd2 O-O-O 12.Bd3 c4 13.Be2 f6 14.exf6 Ng8 15.Ne5 Nxf6
16.Nf7 Ne4 17.Nxd8 Rxd8 18.Bf3 Nxc3 19.Rh4 Rf8 20.Bxc3 Qxc3+ 21.Kf1 e5 22.dxe5 Nxe5
23.Qd4 Rxf3 24.gxf3 Bh3+ 25.Ke2 Qxc2+ 26.Ke3 Qb3+ 27.Kf4 Qxf3+ 28.Kxe5 Qf5+
29.Kd6 Qe6+ 30.Kc5 Qe7+ 31.Kxd5 Be6+ 32.Ke4 Qxh4+ 33.Ke5 Qxd4+ 34.Kxd4 Kd7
35.Rh1 b5 36.Rxh6 Bf5 37.Ra6 h5 38.Rxa7+ Ke6 39.Rb7 h4 40.Rb6+ Kf7 41.Rxb5 Kg6
42.Re5 Kg5 43.a4 h3 44.a5 h2 45.Re1 Kg4 46.Rh1 Kh3 47.a6 Bg4 48.f4  1-0

[Event "TCh-ESP Premier North"]
[Site "Barcelona ESP"]
[Date "2005.08.12"]
[Round "3"]
[White "Perpinya Rofes,L"]
[Black "Espineira Gonzalez,D"]
[Result "0-1"]
[WhiteElo "2381"]
[BlackElo "2310"]

1.e4 e6 2.d4 d5 3.Nc3 Bb4 4.e5 Ne7 5.Nf3 c5 6.dxc5 Nbc6 7.Bd3 Ng6 8.Bxg6 hxg6
9.Be3 Qc7 10.Bd4 Nxd4 11.Qxd4 Qxc5 12.Qxc5 Bxc5 13.Nb5 Ke7 14.O-O Bd7 15.Nbd4 b5
16.c3 a5 17.a3 Rab8  0-1

[Event "Independence Cup A"]
[Site "Kiev UKR"]
[Date "2005.08.12"]
[Round "1"]
[White "Nikulenkov,A"]
[Black "Kruppa,Y"]
[Result "0-1"]
[WhiteElo "2251"]
[BlackElo "2525"]

1.e4 e6 2.d4 d5 3.Nc3 Bb4 4.e5 b6 5.Qg4 Bf8 6.Nh3 Qd7 7.Be3 Ba6 8.Bxa6 Nxa6
9.Nf4 Nb4 10.Qe2 g6 11.h4 h5 12.Qd2 Nh6 13.Nfe2 Nf5 14.Bg5 Be7 15.Nd1 c5
16.c3 Nc6 17.Qf4 cxd4 18.cxd4 Rc8 19.Kf1 Bxg5 20.hxg5 Ncxd4 21.Nec3 Rc4 22.Qd2 Nc6
23.Rh3 O-O 24.Ne3 Nxe3+ 25.Rxe3 Qe7 26.Re2 Nd4 27.Ree1 Rfc8 28.Rac1 Qc5 29.Kg1 b5
30.Kh2 Nf5 31.a3 Rh4+  0-1